The world since 1914 /

Bibliographic Details
Main Author: Langsam, Walter Consuelo, 1906-
Format: Book
Language:English
Published: New York : The Macmillan company, 1936.
Edition:3rd ed.
Subjects:

MARC

Tag First Indicator Second Indicator Subfields
LEADER 00000cam a2200000 4500
001 in00000008622
005 20151003080008.0
008 730917s1936 nyuabf 00010 eng d
035 |a (OCoLC)00690269 
035 |9 AAA1019AM 
040 |a KSU  |c KSU  |d m.c.  |d TXA  |d UtOrBLW 
050 4 |a D421  |b .L3 1936 
100 1 |a Langsam, Walter Consuelo,  |d 1906- 
245 1 4 |a The world since 1914 /  |c by Walter Consuelo Langsam. 
250 |a 3rd ed. 
264 1 |a New York :  |b The Macmillan company,  |c 1936. 
300 |a xviii, 888 pages, 21 unnumbered leaves of plates :  |b illustrations, maps (some color) ;  |c 22 cm. 
336 |a text  |b txt  |2 rdacontent 
337 |a unmediated  |b n  |2 rdamedia 
338 |a volume  |b nc  |2 rdacarrier 
504 |a Bibliography: pages 795-850. 
500 |a Includes index. 
650 0 |a History, Modern  |y 20th century. 
650 0 |a World politics. 
650 0 |a International relations. 
650 0 |a World War, 1914-1918. 
650 0 |a World War, 1914-1918  |x Influence and results. 
650 0 |a International law. 
999 |a MARS 
999 f f |s 124fc04d-2f43-3208-9c5b-1170b82e2273  |i 94c28b16-3a2d-3019-9800-b4dc3c3ac927  |t 0 
952 f f |p ric  |a Texas A&M University  |b Rellis Campus  |c Joint Library Facility  |d Remote Storage  |t 0  |e D421 .L3 1936  |h Library of Congress classification  |i unmediated -- volume  |m A14812583621 
998 f f |a D421 .L3 1936  |t 0  |l Remote Storage